000 00805nam a2200265 i 4500
001 bg
100 1 _aLITEWKA, Andrzej
245 1 0 _aMechanika budowli w architekturze historycznej /
_cAndrzej Litewka, Przemysław Litewka.
260 _aPoznań :
_bWydawnictwo Politechniki Poznańskiej,
_c2006.
300 _a361 s. :
_bil. ;
_c24 cm.
504 _aBibliogr. s. 360-361.
650 9 _aArchitektura
_xhistoria
650 9 _aBudownictwo
_xmechanika
650 9 _aKonstrukcje budowlane
_xteoria
655 _aPodręczniki akademickie
700 1 _aLITEWKA, Przemysław
015 _aPB 15677/2006
020 _a8371433468
040 _cBPK
041 _apol
080 _a624.01/.07:72.03(091)](075.8)
920 _a83-7143-346-8
942 _cKS
008 s pl f |000 0 pol
999 _c52542
_d52542
856 _uhttp://koha.tu.koszalin.pl/cgi-bin/koha/opac-detail.pl?biblionumber=52542
_yKatalog online BPK